| 000 | 00401nam a2200133Ia 4500 | ||
|---|---|---|---|
| 005 | 20260326235455.0 | ||
| 008 | 260326s9999||||xx |||||||||||||| ||und|| | ||
| 100 | _aOrozco y Berra, Manuel | ||
| 245 | 0 |
_aHistoria de la Ciudad de México : _b Desde su Fundación Hasta 1854 / _cManuel Orozco y Berra |
|
| 260 | _bSecretaría de Educación Pública | ||
| 300 | _a188 p. | ||
| 650 | _aHISTORIA | ||
| 942 | _cBK | ||
| 999 |
_c7906 _d7906 |
||